000 01244nam0a22004211 4500
001 RU\NLR\A1SV\88384
005 20260607073606.0
035 _a(NLR Aleph) 009769758
090 _a10051023
_c10051023
100 _a20080618d1926 u y0rusy50 ca
101 0 _arus
102 _aRU
200 1 _aМое открытие Америки
_e[Очерки]
_fВладимир Маяковский
210 _aМ.
_aЛ.
_cГос. изд.
_d1926
215 _a142, [2] с.
_cил.
_d18 см
300 _aНапеч. в Москве
327 1 _aМексика
_aНью-Йорк
_aАмерика
620 _dМосква
620 _dСанкт-Петербург
700 1 _8rus
_7ca
_aМаяковский
_bВ. В.
_f1893-1930
_gВладимир Владимирович
_3RU\NLR\AUTH\775761
_9115720
801 0 _aRU
_bNLR
_c20080618
852 _aNLR
_j25/256
852 _aNLR
_j118/235
852 _aNLR
_j111/641
852 _aNLR
_jМф К1/34086
899 _aSLK
899 _aГПИБ
899 _aРГБ
899 _aВСИАХМЗ
899 _aРКП
899 _aМГУ
899 _aКирОУНБ
899 _aСОУНБ
942 _cBOOK
980 _aNB
980 _aA1SV
980 _aA1SV